000 00389nam a2200133Ia 4500
008 200626s9999 xx 000 0 und d
020 _a978-1-4165-3089-3
100 _aAndrews, V.C.
245 _cV.C. Andrews.--
_aSecret in the shadows/
260 _aNew York:
_bPocket Books
_c2008
300 _a391 pages
650 _aFamily secrets -- Fiction.
650 _aTeenage girls -- Fiction.
999 _c363814
_d363814